U.S. Government Acronyms - Statistics

General Stats
  • This quiz has been taken 86 times
    68 since last reset
  • The average score is 25 of 50
Answer Stats
Hint Answer % Correct
DoJ Department of Justice
88%
FBI Federal Bureau of Investigation
88%
CIA Central Intelligence Agency
85%
POTUS President of the United States
85%
DoD Department of Defense
77%
NSA National Security Agency
73%
SCOTUS Supreme Court of the United States
73%
USPS US Postal Service
73%
FLOTUS First Lady of the United States
71%
IRS Internal Revenue Service
69%
CDC Centers for Disease Control
67%
USAF US Air Force
63%
DoS Department of State
60%
DoT Department of Transportation
60%
DEA Drug Enforcement Administration
60%
USMC US Marine Corps
60%
DHS Department of Homeland Security
58%
TREAS Department of the Treasury
58%
FDA Food and Drug Administration
58%
ED Department of Education
56%
DoE Department of Energy
56%
EPA Environmental Protection Agency
56%
FAA Federal Aviation Administration
54%
DoC Department of Commerce
52%
VA Department of Veteran's Affairs
52%
DoL Department of Labor
50%
DoI Department of the Interior
50%
USDA Department of Agriculture
48%
HHS Department of Health and Human Services
46%
HUD Department of Housing and Urban Development
46%
FEMA Federal Emergency Management Agency
46%
FTC Federal Trade Commission
46%
NASA National Aeronautics and Space Administration
44%
TSA Transportation Security Administration
44%
ICE Immigration and Customs Enforcement
40%
BLM Bureau of Land Management
38%
FCC Federal Communications Commission
38%
NWS National Weather Service
38%
ATF Bureau of Alcohol, Tobacco, Firearms and Explosives
35%
OSHA Occupational Safety and Health Administration
33%
NIH National Institutes of Health
31%
SEC Securities and Exchange Commission
29%
SBA Small Business Administration
25%
FDIC Federal Deposit Insurance Corporation
23%
NPS National Park Service
21%
OMB Office of Management and Budget
19%
CBO Congressional Budget Office
17%
GAO Government Accountability Office
17%
USAID US Agency for International Development
15%
FWS US Fish and Wildlife Service
13%
No matching quizzes found
Score Distribution
Percent of People with Each Score
Percentile by Number Answered
Your Score History
You have not taken this quiz since the last reset